00529nam a22001817a 450000500170000001000150001702000230003202000260005503500130008103700130009408200110010724501170011826000280023527000130026330000270027650000190030370000250032220100814142631.0 aENG-100412 a1905422636c950.00 a9781905422630c950.00 aEN-83945 bDBAD/PUB a954.01 aA frank friendship :bGandhi and Bengal : a descriptive chronology /ccompiled and edited by Gopalkrishna Gandhi aCalcuttabSeagull Books bCalcutta axxii, 594p.c24cm (Hb) aIncluded index aGandhi, Gopalkrishna